000 00699cam a22002054a 4500
001 12416937
005 20250728153818.0
008 010522s2002 miu b 001 0 eng
020 _a0801022967
_qpbk.
020 _a1842271385
_qPaternoster Press
020 _a9780801022968
_q(pbk.)
020 _a9781842271384
_q(Paternoster Press)
050 0 0 _aBS1191.5
_b.M38 2002
082 0 0 _a251
_221
100 1 _aMathewson, Steven D.
_q(Steven Dale),
_d1961-
245 1 4 _aThe art of preaching Old Testament narrative /
_cSteven D. Mathewson.
260 _aGrand Rapids, Mich. :
_bBaker Academic ;
_aCarlisle, Cumbria [England] :
_bPaternoster,
_cc2002.
300 _a279 p. ;
_c23 cm.
942 _2lcc
_cREF
_n0
999 _c7194
_d7194